[Event "RSA-ch U12 Girls"]
[Site "Gauteng"]
[Date "2017.04.07"]
[Round "5"]
[White "Stuurman, Aliche"]
[Black "Gallant, Fazlin"]
[Result "1-0"]
[WhiteElo "1063"]
[BlackElo "919"]
[PlyCount "59"]
[EventDate "2017.04.05"]
[EventType "swiss"]
[EventRounds "11"]
[EventCountry "RSA"]
[SourceTitle "CBM 177 Extra"]
[Source "ChessBase"]
[SourceDate "2017.04.27"]
[SourceVersion "1"]
[SourceVersionDate "2017.04.27"]
[SourceQuality "1"]

1. d4 d5 2. e3 Nf6 3. c4 e6 4. a3 Be7 5. b3 c6 6. Bb2 Nbd7 7. Nf3 c5 8. Nc3 cxd4 9. exd4 0-0 10. Bd3 b6 11. Ng5 h6 12. h4 dxc4 13. bxc4 e5 14. d5 Nc5 15. Bc2 Bb7 16. Qf3 a6 17. Nge4 Bc8 18. Nxf6+ Bxf6 19. h5 Re8 20. Ne4 Nxe4 21. Qxe4 Kf8 22. Rd1 Qd6 23. a4 Ke7 24. Rd3 Qb4+ 25. Bc3 Qd6 26. 0-0 Bb7 27. Rb1 Rab8 28. Bb4 Red8 29. Bxd6+ Rxd6 30. f4 1-0